Manual de redacción de escritos de investigación /
Guardado en:
| Autor Principal: | |
|---|---|
| Formato: | Libro |
| Publicado: |
Buenos Aires :
Macchi
|
| Materias: | |
| Etiquetas: |
Agregar Etiqueta
Sin Etiquetas, Sea el primero en etiquetar este registro!
|
| LEADER | 00761nam a22002295a 4500 | ||
|---|---|---|---|
| 001 | CEM.cems011583 | ||
| 005 | 20071025152959.0 | ||
| 008 | 130507b######################000#0#####d | ||
| 003 | CEMS | ||
| 020 | |a 950537612X | ||
| 082 | 0 | 4 | |a 001.4 |
| 100 | 1 | |a Scarano, Eduardo R. | |
| 245 | 1 | 0 | |a Manual de redacción de escritos de investigación / |c Eduardo R. Scarano |
| 260 | |a Buenos Aires : |b Macchi | ||
| 300 | |a 176 p. | ||
| 505 | 0 | |a Incluye redacción para: Monografías; tesis; informes críticos y artículos para revistas o congresos | |
| 653 | |a Investigación | ||
| 653 | |a Investigación-metodología | ||
| 653 | |a Investigación-redacción | ||
| 653 | |a Monografía | ||
| 653 | |a Tesis-redacción | ||
| 859 | |a CEMS |b BIB. CEMS - 11 de abril |h 001.4 |i Sc72 |p 22537.04 |t Ej.1 | ||
